| 000 | 00612cam a2200229 4500 | ||
|---|---|---|---|
| 001 | J99466 | ||
| 008 | 000000n1999 000 0 eng u | ||
| 035 | _a(Sirsi) u100164 | ||
| 050 | _a333.337 | ||
| 110 |
_aGVA Grimley _93646 |
||
| 245 | _aSurvey of property trends. - Summer 1999 | ||
| 260 |
_aLondon _bGVA Grimley _c1999 |
||
| 300 | _a6p. ; 30cm. | ||
| 650 | _aCOMPANIES | ||
| 650 | _aOCCUPIERS REQUIREMENTS | ||
| 650 | _aPROPERTY ASSETS | ||
| 650 | _aPROPERTY CONFIDENCE | ||
| 650 | _aPROPERTY HOLDINGS | ||
| 650 | _aPROPERTY REQUIREMENTS | ||
| 690 | _aPROPERTY-COMMERCIAL PROPERTY | ||
| 942 | _n0 | ||
| 999 |
_c99625 _d99625 |
||